Vista normal
Vista MARC
Neurociencia en la escuela : (Registro nro. 17256)
[ vista simple ]
| 000 -Cabecera (24) | |
|---|---|
| Campo de control interno | 01007nam a22003014a 4500 |
| 001 - Número de control | |
| Campo de control | UTEA |
| 005 - Fecha y hora de la | |
| Campo de control | 20250912105054.0 |
| 006 - Campos de control - información adicional | |
| Campos de control | g||||gr||||||01 nz |
| 007 - Tipo material - Descripcion fisica - info general | |
| Tipo material | ta |
| 008 - Códigos de longitud fija (40p) | |
| Campo de control de longitud fija | 250912b es ||||| |||| 00| 0 spa d |
| 020 ## - INTERNATIONAL STANDARD BOOK NUMBER | |
| ISBN | 9788467593600 |
| 040 ## - Origen de la Catalogacion | |
| Centro catalogador/agencia de origen | UTEA |
| 041 ## - Código de idioma (R) | |
| Código de lengua del texto/banda sonora o título independiente (R) | spa |
| 082 ## - Número de la Clasificación | |
| Número de la Clasificación | 370.15 |
| Notación Interna | O74 2021 |
| 100 ## - Autor Personal | |
| Autor Personal | Oritz, Tomás |
| Término indicativo de función (R) | Autor |
| 245 ## - Titulo | |
| Titulo | Neurociencia en la escuela : |
| Subtitulo | HERVAT: investigación neuroeducativa para la mejora del aprendizaje / |
| Mención del autor | Tomás Ortíz |
| Medio físico | [Texto impreso] |
| 250 ## - Mencion de edicion | |
| Mencion de edicion | Segunda edición |
| 260 ## - Editorial | |
| Ciudad | España |
| Nombre de la Editorial | Editorial SM. |
| Fecha | 2021 |
| 300 ## - Descripcion | |
| Páginas | 149 páginas |
| Dimensiones | 17 x 24 cm. |
| 505 ## - Nota de contenido formateada | |
| Nota de contenido formateada Índice del Libro] | Neurociencia y educación -- El programa neuroeducativo HERVAT |
| 650 ## - Temas - Descriptores | |
| Temas - Descriptores | NEUROCIENCIA |
| 9 (RLIN) | 42960 |
| 650 ## - Temas - Descriptores | |
| Temas - Descriptores | NEUROPEDAGOGIA |
| 9 (RLIN) | 59286 |
| 650 ## - Temas - Descriptores | |
| Temas - Descriptores | NEUROPLASTICIDAD |
| 9 (RLIN) | 59287 |
| 650 ## - Temas - Descriptores | |
| Temas - Descriptores | NEUROEDUCCIÓN |
| 9 (RLIN) | 59288 |
| 650 ## - Temas - Descriptores | |
| Temas - Descriptores | NEUROEDUCATIVO |
| 9 (RLIN) | 59289 |
| 700 ## - Coautor Personal | |
| Coautor Personal | Marina, José Antonio |
| Término indicativo de función (R) | prólogo |
| 9 (RLIN) | 3722 |
| 942 ## - Datos personalizados Koha | |
| Esquema de Clasificacion | Dewey Decimal Classification |
| Tipo de Documento | Libros |
| Fecha procesamiento | 2025-09-12 |
| Catalogador | Mag. Cecilio Flores Noa |
| Estado de retiro | Estado de pérdida | Fuente de Clasificacion | Estado | No para préstamo | Escuela Profesional/ Mención de Maestría | Localización permanente | Ubicación/localización actual | Fecha de adquisición | Fuente de adquisición | Signatura topográfica completa | Código de barras | Precio válido a partir de | Tipo de ítem Koha | Ubicación en estantería |
|---|---|---|---|---|---|---|---|---|---|---|---|---|---|---|
| Dewey Decimal Classification | E.P. Educación | Biblio. Andahuaylas UTEA | Biblio. Andahuaylas UTEA | 09/12/2025 | Compra | 370.15 O74 2021 | BAND25090201 | 09/12/2025 | Libros | |||||
| Dewey Decimal Classification | E.P. Educación | Biblioteca Abancay UTEA | Biblioteca Abancay UTEA | 09/12/2025 | Compra | 370.15 O74 2021 | BABA25090202 | 09/12/2025 | Libros | Área de Letras y Humanidades (primer Piso) |